<?xml version="1.0" encoding="UTF-8"?><?xml-stylesheet type="text/xsl" href="static/style.xsl"?><OAI-PMH xmlns="http://www.openarchives.org/OAI/2.0/" xmlns:xsi="http://www.w3.org/2001/XMLSchema-instance" xsi:schemaLocation="http://www.openarchives.org/OAI/2.0/ http://www.openarchives.org/OAI/2.0/OAI-PMH.xsd"><responseDate>2026-04-14T02:13:31Z</responseDate><request verb="GetRecord" identifier="oai:www.recercat.cat:11351/14388" metadataPrefix="marc">https://recercat.cat/oai/request</request><GetRecord><record><header><identifier>oai:recercat.cat:11351/14388</identifier><datestamp>2026-03-26T20:53:29Z</datestamp><setSpec>com_2072_378070</setSpec><setSpec>com_2072_378040</setSpec><setSpec>col_2072_378092</setSpec></header><metadata><record xmlns="http://www.loc.gov/MARC21/slim" xmlns:dcterms="http://purl.org/dc/terms/" xmlns:xsi="http://www.w3.org/2001/XMLSchema-instance" xmlns:doc="http://www.lyncode.com/xoai" xsi:schemaLocation="http://www.loc.gov/MARC21/slim http://www.loc.gov/standards/marcxml/schema/MARC21slim.xsd">
   <leader>00925njm 22002777a 4500</leader>
   <datafield ind2=" " ind1=" " tag="042">
      <subfield code="a">dc</subfield>
   </datafield>
   <datafield ind2=" " ind1=" " tag="720">
      <subfield code="a">Banerjee, Susana</subfield>
      <subfield code="e">author</subfield>
   </datafield>
   <datafield ind2=" " ind1=" " tag="720">
      <subfield code="a">Clamp, Andrew</subfield>
      <subfield code="e">author</subfield>
   </datafield>
   <datafield ind2=" " ind1=" " tag="720">
      <subfield code="a">Van Nieuwenhuysen, Els</subfield>
      <subfield code="e">author</subfield>
   </datafield>
   <datafield ind2=" " ind1=" " tag="720">
      <subfield code="a">Aghajanian, Carol</subfield>
      <subfield code="e">author</subfield>
   </datafield>
   <datafield ind2=" " ind1=" " tag="720">
      <subfield code="a">D'Hondt, Veronique</subfield>
      <subfield code="e">author</subfield>
   </datafield>
   <datafield ind2=" " ind1=" " tag="720">
      <subfield code="a">Monk, Bradley</subfield>
      <subfield code="e">author</subfield>
   </datafield>
   <datafield ind2=" " ind1=" " tag="720">
      <subfield code="a">OAKNIN, ANA</subfield>
      <subfield code="e">author</subfield>
   </datafield>
   <datafield ind2=" " ind1=" " tag="260">
      <subfield code="c">2026-03-25T08:52:17Z</subfield>
   </datafield>
   <datafield ind2=" " ind1=" " tag="260">
      <subfield code="c">2026-03-25T08:52:17Z</subfield>
   </datafield>
   <datafield ind2=" " ind1=" " tag="260">
      <subfield code="c">2025</subfield>
   </datafield>
   <datafield ind2=" " ind1=" " tag="520">
      <subfield code="a">Avutometinib; Defactinib; Plain language summary</subfield>
   </datafield>
   <datafield ind2=" " ind1=" " tag="520">
      <subfield code="a">Avutometinib; Defactinib; Resumen en lenguaje sencillo</subfield>
   </datafield>
   <datafield ind2=" " ind1=" " tag="520">
      <subfield code="a">Avutometinib; Defactinib; Resum en llenguatge senzill</subfield>
   </datafield>
   <datafield ind2=" " ind1=" " tag="520">
      <subfield code="a">What is this summary about?This plain language summary describes the results of the ENGOT-OV60/ GOG-3052/RAMP 201 clinical study, which were published in 2025. The Phase II study evaluated treatments for patients with a rare type of ovarian cancer, low-grade serous ovarian cancer (LGSOC). The study specifically involved those whose cancer came back or persisted, despite already having surgery and previous chemotherapy. Researchers investigated the effect of avutometinib on its own and in combination with defactinib to see which treatment would be more effective and to determine if both treatments were safe. They also investigated the combination of a lower dose of avutometinib with defactinib. All trial participants were tested for a specific KRAS genetic mutation (non-hereditary, also called somatic). The main goal of the study was to determine the confirmed objective response rate of each treatment. This is the percentage of patients whose cancer shrinks by at least 30% after treatment and maintains this shrinkage for at least 2 months. The study also closely monitored for any adverse events associated with each treatment and looked at other measures of treatment effectiveness.What were the results?The percentage of patients with an objective response was 31% in the combination treatment group and 17% in the avutometinib-only group. Amongst patients receiving the combination, the objective response rate was 44% in the group of participants with a KRAS mutation and 17% in the group without a KRAS mutation. The lower dose of avutometinib used in combination with defactinib was not as effective as the standard dose.In the standard dose combination treatment group, most adverse events were not severe (categorized as grade 1 or 2 on a scale of 0 to 5) and were managed with dose holds or dose reductions. The most frequent adverse events reported were nausea, increased creatine phosphokinase (CPK), diarrhea, peripheral edema, and rash. A total of 10% of participants discontinued treatment due to adverse events.What do the results mean?The results of the study support using the combination of avutometinib and defactinib as a treatment option for women with recurrent LGSOC.Clinical trial number: NCT06072781.</subfield>
   </datafield>
   <datafield ind1="8" ind2=" " tag="024">
      <subfield code="a">https://hdl.handle.net/11351/14388</subfield>
   </datafield>
   <datafield tag="653" ind2=" " ind1=" ">
      <subfield code="a">Ovaris - Càncer - Tractament</subfield>
   </datafield>
   <datafield tag="653" ind2=" " ind1=" ">
      <subfield code="a">Proteïnes quinases - Inhibidors - Ús terapèutic</subfield>
   </datafield>
   <datafield tag="653" ind2=" " ind1=" ">
      <subfield code="a">Avaluació de resultats (Assistència sanitària)</subfield>
   </datafield>
   <datafield tag="653" ind2=" " ind1=" ">
      <subfield code="a">DISEASES::Neoplasms::Neoplasms by Site::Endocrine Gland Neoplasms::Ovarian Neoplasms</subfield>
   </datafield>
   <datafield tag="653" ind2=" " ind1=" ">
      <subfield code="a">Other subheadings::Other subheadings::Other subheadings::/drug therapy</subfield>
   </datafield>
   <datafield tag="653" ind2=" " ind1=" ">
      <subfield code="a">CHEMICALS AND DRUGS::Chemical Actions and Uses::Pharmacologic Actions::Molecular Mechanisms of Pharmacological Action::Enzyme Inhibitors::Protein Kinase Inhibitors</subfield>
   </datafield>
   <datafield tag="653" ind2=" " ind1=" ">
      <subfield code="a">Other subheadings::Other subheadings::/therapeutic use</subfield>
   </datafield>
   <datafield tag="653" ind2=" " ind1=" ">
      <subfield code="a">DISEASES::Neoplasms::Neoplasms by Histologic Type::Neoplasms, Glandular and Epithelial::Carcinoma::Adenocarcinoma::Cystadenocarcinoma::Cystadenocarcinoma, Serous</subfield>
   </datafield>
   <datafield tag="653" ind2=" " ind1=" ">
      <subfield code="a">ANALYTICAL, DIAGNOSTIC AND THERAPEUTIC TECHNIQUES, AND EQUIPMENT::Diagnosis::Prognosis::Treatment Outcome</subfield>
   </datafield>
   <datafield tag="653" ind2=" " ind1=" ">
      <subfield code="a">ENFERMEDADES::neoplasias::neoplasias por localización::neoplasias de las glándulas endocrinas::neoplasias ováricas</subfield>
   </datafield>
   <datafield tag="653" ind2=" " ind1=" ">
      <subfield code="a">Otros calificadores::Otros calificadores::Otros calificadores::/farmacoterapia</subfield>
   </datafield>
   <datafield tag="653" ind2=" " ind1=" ">
      <subfield code="a">COMPUESTOS QUÍMICOS Y DROGAS::acciones y usos químicos::acciones farmacológicas::mecanismos moleculares de acción farmacológica::inhibidores enzimáticos::inhibidores de proteínas cinasas</subfield>
   </datafield>
   <datafield tag="653" ind2=" " ind1=" ">
      <subfield code="a">Otros calificadores::Otros calificadores::/uso terapéutico</subfield>
   </datafield>
   <datafield tag="653" ind2=" " ind1=" ">
      <subfield code="a">ENFERMEDADES::neoplasias::neoplasias por tipo histológico::neoplasias glandulares y epiteliales::carcinoma::adenocarcinoma::cistoadenocarcinoma::cistoadenocarcinoma seroso</subfield>
   </datafield>
   <datafield tag="653" ind2=" " ind1=" ">
      <subfield code="a">TÉCNICAS Y EQUIPOS ANALÍTICOS, DIAGNÓSTICOS Y TERAPÉUTICOS::diagnóstico::pronóstico::resultado del tratamiento</subfield>
   </datafield>
   <datafield ind2="0" ind1="0" tag="245">
      <subfield code="a">The combination of avutometinib and defactinib in treating recurrent low-grade serous ovarian cancer: a plain language summary of the Phase II clinical trial ENGOT-OV60/GOG-3052/RAMP 201</subfield>
   </datafield>
</record></metadata></record></GetRecord></OAI-PMH>